000 00440nam a2200193Ia 4500
008 210210b1915 xxu||||| |||| 00| 0 eng d
041 _aeng
082 _a425/321
100 _aWARNER (G T)
245 _aOn the writing of English
260 _aLondon
_bBlackie and Son Limited
_c1915
650 _awriting
650 _athe
650 _aOn
650 _aof
650 _aEnglish
690 _aEnglish Language
906 _a006097
999 _c129131
_d129131